Responses for show #1171 - Monday, October 9, 1989

Contestants

Mike Donnely, a U.S. Air Force officer from Tokyo, Japan

Frank Stanonik, a locomotive engineer from Chesterland, Ohio (whose 1-day cash winnings total $10,400)

Kerry Tymchuk, an attorney originally from Reedsport, Oregon (whose 3-day cash winnings total $22,401)

Jeopardy! Round responses

CURRENT EVENTS
DOUBLE TALK
ICE SKATING
WISCONSIN
MAGAZINES
MAGNIFICENT MOUSTACHES
    $100 8
(Kerry: What is a pharaoh?)
...
(Alex: Be more specific.)
...
(Kerry: A [*]?)

a mummy

Kerry
    $100 22
John-John

Mike
    $100 17
stroke

Kerry
    $100 16
dairy cows

Mike
    $100 1
digest

Frank
    $100 6
Zorro

Mike
    $800 9
Pennsylvania

Kerry
    $200 23
(Alex: We've got a minute to go in the round.)

beriberi

Mike
    $200 18
(Kerry: What is Barnum and Bailey?)
...
(Alex: Correct response is "Who are the [*]?"; long before they joined with Barnum and Bailey.)

Ringling Brothers

Kerry
Triple Stumper
    $200 2
dessert

Kerry
    $200 7
Tom Selleck

Kerry
    $300 10
abortion

Kerry
    $300 24
(Frank: What is "Sunday, Sunday"?

Monday, Monday

FrankMike
    $300 19
Green Bay

Frank
    $300 3
skiers

Kerry
    $300 13
Burt Reynolds

Kerry
    $400 11
Dick Cheney

Kerry
    $400 25
I do I do

Kerry
    $400 28
[The end-of-round signal sounds.]

ice dancing

Mike
    $400 20
Oshkosh

Mike
    $400 4
(Alex: Right. Or Woman.)

Big Beautiful Women

Frank
    $400 14
Clark Gable

Kerry
    $500 12
Ron Lauder

Kerry
    $500 26
(Kerry: What is Daisy, Daisy?)

Reuben, Reuben

Kerry
Triple Stumper
    $500 27
(Christopher) Dean

Kerry
    $500 21
the badger

Kerry
    $500 5
Ebony

Mike
    $500 15
Fu Manchu

Frank

Scores at the first commercial break (after clue 9):

Kerry Frank Mike
$1,600 $500 $600

Scores at the end of the Jeopardy! Round:

Kerry Frank Mike
$4,300 $1,000 $2,100

Double Jeopardy! Round responses

THE CONSTITUTION
ENGLISH LITERATURE
ACADEMY AWARDS
CLASSICAL MUSIC
MONUMENTS
"W"ORDS
    $200 10
repeal

Kerry
    $200 1
Alice in Wonderland

Kerry
    $200 2
Vanessa Redgrave and Lynn Redgrave

Kerry
    $200 25
Don Giovanni

Mike
    $200 4
the Vietnam War Memorial (Vietnam Veterans Memorial)

Frank
    $200 15
your wagon

Frank
    $400 11
population

Kerry
    $400 24
(Kerry: Who is George Sand?)

George Eliot

Kerry
Triple Stumper
    $400 3
Snow White

Mike
    $400 27
"The Clock"

Mike
    $400 5
Cleopatra's Needle

Mike
    $400 16
a wasp

Kerry
    $600 12
revenue (or taxes)

Frank
    $600 26
Rudyard Kipling

Kerry
    $600 7
Martin Short

Kerry
    $600 6
(Mike: What is Lassen? Mt. Lassen?)

Mt. St. Helens

KerryMike
    $1,300 17
a wanderer

Kerry
    $800 13
(Frank: Who is Franklin Delano Roosevelt?)

(Alex: [*], yes, president at that time.)

Truman

FrankMike
    $800 28
[The end-of-round signal sounds.]

(Charles) Dickens

Frank
    $800 8
(Mike: Who is Bing Crosby?)

Barry Fitzgerald

KerryMike
    $800 22
(Frank: Who is Verdi?)

(Giacomo) Puccini

Frank
Triple Stumper
    $2,250 20
(Mike: Uh, $2,250.)
(Alex: OK, that'll leave you with $50 if you are incorrect.)
...
(Mike: Who is Harriet Tubman?)

1 of (Booker T. Washington or George Washington Carver)

Mike
    $800 18
a wassail

Kerry
    $1000 14
(Mike: What is Connecticut?)

Rhode Island

Mike
Triple Stumper
    $1000 9
Maggie Smith

Kerry
    $1000 23
(Alex: Minute to go.)

"The Ring Cycle"

Kerry
    $1000 21
the Devil's Tower

Mike
    $1000 19
wainscoting

Mike

Scores at the end of the Double Jeopardy! Round:

Kerry Frank Mike
$12,000 $1,200 $1,650
(lock game)

[wagering suggestions for these scores]

Final Jeopardy! Round responses

U.S. CITIES
(Alex: [To Frank] Our railroad engineer came up with the correct response. Nicely done.)
FrankWhat is Reading?
$1,200
MikeWhat is Erie? Reading?
$1,649
KerryWhat is Philadelphia
$4,000
Reading (Railroad)

Final scores:

Kerry Frank Mike
$8,000 $2,400 $3,299
4-day champion: $30,401 3rd place: a Frederick Ramond chandelier + a complete Nintendo Entertainment system featuring the Family & Junior Editions of Jeopardy! & Wheel of Fortune 2nd place: a Tappan refrigerator + a set of Krups kitchen appliances

Game dynamics:

Coryat scores:

Kerry Frank Mike
$10,700 $1,200 $3,900
27 R
(including 2 DDs),
3 W
8 R,
3 W
15 R,
4 W
(including 1 DD)

Combined Coryat: $15,800

The J! Archive is created by fans, for fans. The Jeopardy! game show and all elements thereof, including but not limited to copyright and trademark thereto, are the property of Jeopardy Productions, Inc. and are protected under law. This website is not affiliated with, sponsored by, or operated by Jeopardy Productions, Inc. Join the discussion at JBoard.tv.